| 000 | 00482nam a22001577a 4500 | ||
|---|---|---|---|
| 999 |
_c129869 _d129869 |
||
| 008 | 190920b ||||| |||| 00| 0 eng d | ||
| 050 | _aSPC. DT1.T50 M686 | ||
| 100 |
_aMkoba, Martin L. _948138 |
||
| 245 |
_aMoral and character education in Africa perspective _cMartin L. Mkoba |
||
| 260 |
_aHarare _bArrupe College _c2015 |
||
| 300 |
_aviii, 80p. ; _c31cm. |
||
| 500 | _aThesis | ||
| 650 |
_aEducation _zAfrica _99745 |
||
| 650 |
_aEducation, Moral _948208 |
||
| 942 |
_2lcc _cSPC |
||